000 00588nam a2200205 i 4500
001 94875
003 ES-MaACL
005 20230906181556.0
007 t|
008 050517s1973 ag ||||1| spa d
100 1 _aLucas, Philippe.
_974537
245 1 0 _aSociología de la descolonización /
_cPhilippe Lucas; [traducción de María Braun].
260 _aBuenos Aires :
_bNueva Visión,
_c1973.
300 _a73 p. ;
_c18 cm.
490 1 _aFichas
700 1 _aBraun, María.
_931416
830 0 _aFichas
_9182784
852 _aES-MaACL
_jA-7904
_bR.96480
999 _c94875
_d94875